=LDR 00000nam 2200000 4500 =001 INLIS000000000002935 =005 20250217110759 =035 ##$$a 0010-0225000225 =007 ta =008 250217################g##########0#ind## =082 ##$$a 304.66 =084 ##$$a 304.66 BAD p =245 1#$$a Peta Daerah Legok Pelayanan KB di Wilayah dan Sasaran Khusus /$c Badan Kependudukan dan Keluarga Berencana Nasional =260 ##$$a Jakarta :$b BKKBN,$c 2018 =300 ##$$a xii, 108 hlm : $b ilustrasi berwarna ; $c 21 cm =650 #4$$a Pelayanan KB =110 2#$$a Badan Kependudukan dan Keluarga Berencana Nasional